Les Pokémon des champions d'arène et du Conseil 4 de Johto - Statistiques

Statistiques générales
  • Ce quiz a été pris 192 fois
  • Le résultat moyen est 33 sur 42
Statistiques - réponses
Hint Réponse % Correct
Dracolosse (X3)
96%
Sandra Draco (X3)
96%
Ecremeuh
95%
Roucoups
95%
Albert Roucool
93%
Ectoplasma
91%
Ectoplasma
91%
Spectrum (X2)
91%
Steelix
91%
Hyporoi
90%
Mortimer Fantominus
89%
Insécateur
89%
Peter Léviator
89%
Ptéra
89%
Lamantine
85%
Mackogneur
85%
Hector Chrysacier
84%
Dracaufeu
84%
Kicklee
84%
Tartard
84%
Tygnon
84%
Coconfort
83%
Jasmine Magneti (X2)
82%
Cochignon
79%
Aldo Kapoera
78%
Blanche Mélofée
78%
Grotadmorv
77%
Frédo Otaria
77%
Onix
74%
Aéromite
73%
Chuck Colossinge
73%
Lippoutou
72%
Démolosse
71%
Marion Noctali
71%
Clément Xatu (X2)
71%
Koga Migalos
69%
Flagadoss
67%
Cornèbre
64%
Nostenfer
63%
Noadkoko
49%
Foretress
46%
Rafflesia
46%
Aucun quiz correspondant
Distribution des résultats
% des personnes avec chaque résultat
Percentile par nombre de réponses
Votre historique - résultats
Vous n’avez pas pris ce quiz